000 03597cam a22004578i 4500
999 _c6253
_d6253
001 933722620
003 OCoLC
005 20190116130133.0
008 160627s2016 miu b 000 0 eng c
010 _a2016027778
020 _a9780310318583 (hardcover)
020 _a0310318580 (hardcover)
020 _a9780310349273
020 _a0310349273
020 _a9780310346562
020 _a0310346568
020 _z9780310318620
020 _z9780310318590
040 _aNcWfSB/DLC
_beng
_erda
_cNVS
_dDLC
_dBTCTA
_dYDXCP
_dBDX
_dIEP
_dIK2
_dON8
_dFM0
_dIHX
_dSINLB
_dVP@
_dOCLCF
_dABG
_dNDS
_dILC
_dINR
_dT7R
_dTXLBH
_dTXGON
_dRB0
_dOCLCO
_dKSU
_dUtOrBLW
042 _apcc
050 0 0 _aBV4905.3
_b.V67 2016
082 0 0 _a248.86
_223
_bV967B
100 1 _aVoskamp, Ann,
_d1973-
_eauthor.
_0http://id.loc.gov/authorities/names/n2010039027
245 1 4 _aThe broken way :
_ba daring path to the abundant life /
_cAnn Voskamp
263 _a1609
264 1 _aGrand Rapids, Michigan :
_bZondervan,
_c[2016]
300 _apages cm
336 _atext
_btxt
_2rdacontent
337 _aunmediated
_bn
_2rdamedia
338 _avolume
_bnc
_2rdacarrier
504 _aIncludes bibliographical references
505 0 _aWhat to do with your one broken heart -- Re-membering your broken pieces -- When you want to exchange your brokenness -- How to break time in two -- Becoming the gift the world needs, and you need -- What's even better than a bucket list -- Love is a roof for all our brokenness -- Why love is worth breaking your heart -- The miracle in your pocket that breaks stress -- How to passionately love when your heart's breaking -- Breaking into being real -- Breaking your brokenness -- The inconvenient truth no one tells you -- Breaking the lies in your head -- How to be an Esther and break a thousand gates -- When it comes to wooing God and healing wounds -- How to find the heroes in a suffering world -- Why you don't have to be afraid to be broken
520 _aAnn Voskamp sits at the edge of her life and all of her own unspoken brokenness and asks: What if you really want to live abundantly before it's too late? What do you do if you really want to know abundant wholeness? This is the one begging question that's behind every single aspect of our lives -- and one that The Broken Way rises up to explore in the most unexpected ways. This one is for the lovers and the sufferers. For those whose hopes and dreams and love grew so large it broke their willing hearts. This one's for the busted ones who are ready to bust free, the ones ready to break molds, break chains, break measuring sticks, and break all this bad brokenness with an unlikely good brokenness. You could be one of the Beloved who is broken --- and still lets yourself be loved
520 _aVoskamp shows us ways to slow down, stop time, and allow gritty faith to penetrate, expose, and bring the hint of healing to the mess of daily life. For all imperfect people-- in other words, for all of us-- she leads us on a journey toward embracing and celebrating the brokenness in each of us, sharing the incredible grace of Jesus with those who are broken-- but still want to be loved
650 0 _aConsolation.
_0http://id.loc.gov/authorities/subjects/sh85031289
650 0 _aSuffering
_xReligious aspects
_xChristianity.
_0http://id.loc.gov/authorities/subjects/sh2008112313
650 0 _aDespair
_xReligious aspects
_xChristianity
650 0 _aGrace (Theology)
_0http://id.loc.gov/authorities/subjects/sh85056154
650 0 _aChristian life.
_0http://id.loc.gov/authorities/subjects/sh85025095
942 _2ddc
_cBK